Dynamic Duo Match 'Em Up II Quiz Stats

 Plays Quiz Updated Jan 24, 2014

Support Sporcle.
Go Orange.
Score 0/32 Timer 03:00
6 Plays Today
% Correct
the Tramp
96.3%
Fitch
94.7%
Hutch
94.2%
Dale
93.2%
Grace
90.7%
Bullwinkle
90.4%
Mindy
89.2%
Gromit
88.2%
Oates
87.3%
Hooch
85.4%
Shirley
85.4%
Delilah
83.9%
Wesson
81.2%
Marie
81.1%
Lacey
80%
Ted
79.7%
% Correct
Jeckle
78.7%
Guildenstern
76.9%
Cash
72.3%
Tennille
71.8%
Dunn
70.7%
Lomb
69.2%
Natasha
67.4%
Joon
65.3%
Hedges
61.9%
Mrs. Muir
57.6%
Jeff
56.9%
Taylor
56.8%
Ives
53.5%
the Snowman
48.5%
Shipley
40.8%
Ole
40.7%

From the Vault

Big Movie Posters

by babymonkee

Movies 4m
All movie posters are big, but these movies know it.
Remove Ads.
Support Sporcle.
Get the best of Sporcle when you Go Orange. This ad-free experience offers more features, more stats, and more fun while also helping to support Sporcle. Thank you for becoming a member.

Show Comments

Extras

Top Quizzes Today


Score Distribution

Your Account Isn't Verified!

In order to create a playlist on Sporcle, you need to verify the email address you used during registration. Go to your Sporcle Settings to finish the process.

Report this User

Report this user for behavior that violates our Community Guidelines.

Details: